Electric machinery and transformers (Record no. 440)

000 -LEADER
fixed length control field 00469nam a2200193 4500
001 - CONTROL NUMBER
control field 440
003 - CONTROL NUMBER IDENTIFIER
control field BD-DhUET
008 - FIXED-LENGTH DATA ELEMENTS--GENERAL INFORMATION
fixed length control field 140721b xxu||||| |||| 00| 0 eng d
020 ## - INTERNATIONAL STANDARD BOOK NUMBER
International Standard Book Number 81203007755
040 ## - CATALOGING SOURCE
Transcribing agency 0
Modifying agency BD-DhUET
082 ## - DEWEY DECIMAL CLASSIFICATION NUMBER
Classification number 623.1042
Item number KOS/1991
100 ## - MAIN ENTRY--PERSONAL NAME
Personal name Kosow, Irving L.
245 ## - TITLE STATEMENT
Title Electric machinery and transformers
250 ## - EDITION STATEMENT
Edition statement 2nd ed.
260 ## - PUBLICATION, DISTRIBUTION, ETC. (IMPRINT)
Place of publication, distribution, etc. New Delhi
Name of publisher, distributor, etc. Prentice-Hall
Date of publication, distribution, etc. 1991
300 ## - PHYSICAL DESCRIPTION
Extent xiv,626p.
650 #0 - SUBJECT ADDED ENTRY--TOPICAL TERM
Topical term or geographic name as entry element Electric machinery
942 ## - ADDED ENTRY ELEMENTS (KOHA)
Koha item type General Book
Holdings
Piece designation (barcode) Koha normalized classification for sorting Koha date last seen Damaged status Koha full call number Price effective from Date acquired Sublocation or collection (holding branch) Withdrawn status Shelving location Koha date last borrowed Location (home branch) Source of classification or shelving scheme Koha item type Copy number Lost status Not for loan Koha issues (times borrowed)
103680623_104200000000000_KOS_19912014-07-21 623.1042/KOS/19912014-07-212014-07-21Central Library, BUET Circulation section Central Library, BUET General Book1   
103681623_104200000000000_KOS_19912016-12-07 623.1042/KOS/19912014-07-212014-07-21Central Library, BUET Circulation section Central Library, BUET General Book2   
103682623_104200000000000_KOS_19912021-12-15 623.1042/KOS/19912014-07-212014-07-21Central Library, BUET Circulation section2021-12-05Central Library, BUET General Book3  1
103683623_104200000000000_KOS_19912014-07-21 623.1042/KOS/19912014-07-212014-07-21Central Library, BUET Circulation section Central Library, BUET General Book4   
103684623_000000000000000_1042KOS1992014-07-21 623.1042/KOS/19912014-07-212014-07-21Central Library, BUET Circulation section Central Library, BUET General Book5   
103685623_104200000000000_KOS_19912014-07-21 623.1042/KOS/19912014-07-212014-07-21Central Library, BUET Circulation section Central Library, BUET General Book6   
103686623_104200000000000_KOS_19912014-07-21 623.1042/KOS/19912014-07-212014-07-21Central Library, BUET Circulation section Central Library, BUET General Book7   
103688623_000000000000000_1042KOS1992016-11-29 623.1042/KOS/19912014-07-212014-07-21Central Library, BUET Circulation section Central Library, BUET General Book8   
103689623_104200000000000_KOS_19912017-03-11 623.1042/KOS/19912014-07-212014-07-21Central Library, BUET Circulation section Central Library, BUET General Book9